000 00842nam a2200253 a 4500
001 000033273
003 DO-SdBNP
005 20240305085107.0
007 ta
008 110823s1956 dr 000 0 spa d
040 _aDO-SdBNP
_bspa
_cBNPHU
082 _axxxx
_bF632b
100 1 _aFlorén , Luis,
_d1913-1973
_954795
245 1 0 _aBibliografía de las Bellas Artes en Santo Domingo /
_cLuis Floren Lozano.
260 _aBogotá :
_bAntares,
_c1956.
300 _a53 p. ;
_c23 cm.
490 1 _aMateriales para el estudios de la cultura dominicana ;
_v8 ;
500 _aIncluye índice
500 _aLuis Floren Lozano ex-bibliotecario de la Universidad de Santo Domingo.
590 _aInventariado, 2022/ YL
830 0 _aMateriales para el estudios de la cultura dominicana
_v8
_958882
910 _aYLockward
942 _2ddc
_cLBS1
999 _c32764
_d32764